El Quijote.
שמור ב:
| מחבר ראשי: | |
|---|---|
| פורמט: | ספר |
| שפה: | אנגלית |
| יצא לאור: |
Madrid, España:
Aguilar
1960.
|
| סדרה: | Colección Crisol;
28 |
| נושאים: | |
| תגים: |
הוספת תג
אין תגיות, היה/י הראשונ/ה לתייג את הרשומה!
|
MARC
| LEADER | 00000nam a2200000 a 4500 | ||
|---|---|---|---|
| 001 | UCZ7925 | ||
| 003 | CL-VaPUC | ||
| 005 | 20220822114458.0 | ||
| 008 | 220613b1960 ||||| |||| 00| 0 eng d | ||
| 999 | |c 435952 |d 435950 | ||
| 040 | |c Pontificia Universidad Católica de Valparaíso | ||
| 082 | 0 | 4 | |a 863 FER 1960 |2 21 |
| 100 | 0 | |a Fernández de Avellaneda, Alonso |e autor |9 352955 | |
| 245 | 1 | 3 | |a El Quijote. |
| 260 | |a Madrid, España: |b Aguilar |c 1960. | ||
| 300 | |a Segundo tomo; 592 páginas. | ||
| 490 | |a Colección Crisol; |v 28 | ||
| 500 | |a t.2 c.1 Donación Familia Prof. Alejandro Guzmán Brito. | ||
| 505 | |a Segundo Tomo. Del Ingenioso Hidalgo Don Quijote de la Mancha, que contiene su tercera salida y es la quinta parte de sus aventuras. | ||
| 583 | |a last modification |c 19960112 00:00:00 |k Cristina María Rojas Aguilar | ||
| 650 | 0 | |a Novelas españolas |9 265052 | |
| 942 | |c BK |2 ddc |n 0 | ||
| 952 | |0 0 |1 0 |2 ddc |4 0 |6 863_000000000000000_FER_1960 |7 0 |8 C_AGB |9 583614 |a BIBDER |b BIBDER |d 2022-06-13 |e Donación |h t.2 |i 5651690 |o 863 FER 1960 |p 5651690 |r 2023-01-25 |t 1 |w 2022-06-13 |y BK_US |k AGB | ||